| 000 | 00496nam a2200181Ia 4500 | ||
|---|---|---|---|
| 005 | 20250508155211.0 | ||
| 008 | 008 250505s9999 xx 000 0 eng d | ||
| 037 | _aTextual | ||
| 040 |
_aFEDL _beng _cFEDL |
||
| 041 |
_aeng _2eng |
||
| 084 |
_a309.23, IND _qFEDL |
||
| 245 | 0 | _aState development plans review of progress | |
| 245 | 0 | _cGovernment of India. Planning Commission | |
| 260 | _c1958 | ||
| 300 | _a78p. | ||
| 942 |
_cTEXL _h309.23, IND |
||
| 999 |
_c1355160 _d1355160 |
||